000 00799cam a22002411a 4500
001 g 01000906
003 DLC
005 20260227111253.0
008 810603s1896 gw 000 0 ger
010 _ag 01000906
035 _a(OCoLC)7471660
040 _aDLC
_cKU
_dKU
_dDLC
042 _apremarc
050 0 0 _aHC45
_b.E6
100 1 _aEhrenberg, Richard,
_d1857-1921.
245 1 4 _aDas Zeitalter der Fugger :
_bGeldkapital und Creditverkehr im 16. Jahrhundert /
_cvon Richard Ehrenberg.
260 _aJena :
_bG. Fischer,
_c1896.
300 _a2 v. ;
_c24 cm.
505 0 _aBd. 1. Die Geldmächte des 16. Jahrhunderts -- Bd. 2. Die Weltbörsen und Finanzkrisen des 16. Jahrhunderts.
600 3 0 _aFugger family.
650 0 _aCommerce
_xHistory.
650 0 _aBanks and banking
_xHistory.
999 _c23585
_d23585